Kālayantiram / (Record no. 82412)

MARC details
000 -LEADER
fixed length control field 00684cam a2200229 a 4500
001 - CONTROL NUMBER
control field sa 68008479
003 - CONTROL NUMBER IDENTIFIER
control field DLC
005 - DATE AND TIME OF LATEST TRANSACTION
control field 20260227112532.0
008 - FIXED-LENGTH DATA ELEMENTS--GENERAL INFORMATION
fixed length control field 980904s1958 ii 000 0 tam
010 ## - LIBRARY OF CONGRESS CONTROL NUMBER
LC control number sa 68008479
040 ## - CATALOGING SOURCE
Original cataloging agency DLC
Transcribing agency DLC
041 1# - LANGUAGE CODE
Language code of text/sound track or separate title tam
Language code of original eng
050 00 - LIBRARY OF CONGRESS CALL NUMBER
Classification number PR5774.T5
Item number T38
100 1# - MAIN ENTRY--PERSONAL NAME
Personal name Wells, H. G.
Fuller form of name (Herbert George),
Dates associated with a name 1866-1946.
240 10 - UNIFORM TITLE
Uniform title Time machine.
Language of a work Tamil
245 10 - TITLE STATEMENT
Title Kālayantiram /
Statement of responsibility, etc. Ec. Ji. Vels ; mol̲ipeyarppu āciriyar, Pe. Nā. Appusvāmi.
250 ## - EDITION STATEMENT
Edition statement lst ed,
260 ## - PUBLICATION, DISTRIBUTION, ETC.
Place of publication, distribution, etc. Cen̲n̲ai :
Name of publisher, distributor, etc. Pāri Nilaiyam,
Date of publication, distribution, etc. 1958.
300 ## - PHYSICAL DESCRIPTION
Extent vi, 189 p. ;
Dimensions 19 cm.
546 ## - LANGUAGE NOTE
Language note In Tamil.
700 1# - ADDED ENTRY--PERSONAL NAME
Personal name Appuswami, P. N.
Fuller form of name (Perungulam Narayana),
Dates associated with a name 1891-

No items available.

Powered by Koha